|
|
|
|
| LEADER |
01666njm a2200397 a 4500 |
| 001 |
000673626 |
| 003 |
CZ BrMZK |
| 005 |
20030616102227.0 |
| 007 |
sd fsngnnmmned |
| 008 |
030613s1996 xr pt f eng d |
| 028 |
0 |
1 |
|a AA0039-2231
|b Antiphona
|
| 040 |
|
|
|a BOA001
|b cze
|
| 047 |
|
|
|a pt
|
| 048 |
|
|
|a ca
|
| 080 |
|
|
|a (086.7)
|2 MRF
|
| 080 |
|
|
|a 78.087.684
|2 MRF
|
| 080 |
|
|
|a 78.087.6
|2 MRF
|
| 245 |
0 |
0 |
|a Live 94-96
|h [zvukový záznam]
|
| 246 |
1 |
4 |
|a Jaroslav Kyzlin direct Brno Academic choir
|
| 260 |
|
|
|a Brno :
|b Antiphona,
|c c1996
|
| 300 |
|
|
|a 1 zvuková deska /57:52) :
|b digital ;
|c 12 cm +
|e 1 brožura (12 s.)
|
| 306 |
|
|
|a 005752
|
| 500 |
|
|
|a Text v brožuře česky, anglicky a německy
|
| 500 |
|
|
|a Nahráno v letech 1994-1996
|
| 500 |
|
|
|a Kompaktní deska
|
| 505 |
0 |
|
|a Carmina chromatico / Orlando de Lassus -- O bene mio fa / Adrian Willaert -- Sanctus / Kryštof Harant -- Burial sentences / Henry Purcell -- Lay a Garland / Robert de Pearsall -- Warum toben die Heiden / Felix Mendelssohn-Bertoldi -- Kyrie, Gloria, Agnus Dei / Julius Luciuk -- Lydia -- Terpsichore / Jan Novák -- De tempore -- Proprium fesětivum monasteriense / Petr Eben -- Okolo Hradišťa
|
| 650 |
0 |
7 |
|a mše (smíšený sbor)
|7 ph321563
|2 czenas
|
| 650 |
0 |
4 |
|a sbory (smíšený sbor)
|
| 650 |
0 |
4 |
|a sbory (sóla, smíšený sbor)
|
| 655 |
|
4 |
|a sbory
|
| 655 |
|
4 |
|a mše
|
| 700 |
1 |
|
|a Kyzlink, Jaroslav,
|d 1973-
|7 jo2002142299
|4 cnd
|
| 710 |
2 |
|
|a Brněnský akademický sbor (pěvecký sbor)
|7 mzk2003186991
|
| 910 |
|
|
|a BOA001
|b CD-0011.054
|
| 990 |
|
|
|a AV
|
| 996 |
6 |
|
|b 261H012097
|c CD-0011.054
|l MZK
|r Sklad / do 24 hodin
|n 0
|w 000673626
|u 000010
|a 1
|e BOA001
|j MZK50
|s P
|